Words For Birds: (Record no. 203687)

MARC details
000 -LEADER
fixed length control field 00673nam a22001937a 4500
005 - DATE AND TIME OF LATEST TRANSACTION
control field 20240624170330.0
010 ## - LCCN (DPL NO)
LC control number ENG-140699
020 ## - INTERNATIONAL STANDARD BOOK NUMBER
International Standard Book Number 9789391028290
Terms of availability 599.00
035 ## - SYSTEM CONTROL NUMBER
System control number EN-124231
037 ## - SOURCE OF ACQUISITION
Source of stock number/acquisition DBAD
082 ## - DEWEY DECIMAL CLASSIFICATION NUMBER
Classification number 598.294
100 ## - MAIN ENTRY--PERSONAL NAME
Personal name Ali, Salim
245 ## - TITLE STATEMENT
Title Words For Birds:
Statement of responsibility, etc By Salim Ali [and] Edited By Tara Gandhi
Remainder of title The Collected Radio Broadcasts/
260 ## - PUBLICATION, DISTRIBUTION, ETC. (IMPRINT)
Place of publication, distribution, etc Ranikhet
Name of publisher, distributor, etc Permanent Black in association with Ashoka University
Date of publication, distribution, etc 2021
270 ## - ADDRESS
Address Himalayana, Mall Road
City Ranikhet Cantt
Postal code 263645
Electronic mail address perblackgamil.com
300 ## - PHYSICAL DESCRIPTION
Extent xi, 244p.
Dimensions 23cm(Hb)
700 ## - ADDED ENTRY--PERSONAL NAME
Personal name Gandhi, Tara
Relator term Editor
9 (RLIN) 67683
942 ## - ADDED ENTRY ELEMENTS (KOHA)
Source of classification or shelving scheme Dewey Decimal Classification
Item type English Books
Classification part 598.294
Call number suffix ALI
Holdings
Withdrawn status Lost status Not for loan Collection code Home library Current library Date acquired Source of acquisition Cost, normal purchase price Full call number Barcode Copy number Cost, replacement price Koha item type
      Non-fiction Central Library Central Library 17/06/2024 DBAD 599.00 598.294 ALI EN-124231 1 599.00 English Books

© Delhi Public Library
Hit Counter
free hit counter